| 000 | 00504nmm a2200169Ia 4500 | ||
|---|---|---|---|
| 008 | 251105s9999||||xx |||||||||||||||||und|| | ||
| 020 | _a9788413052366 | ||
| 041 | _aspa | ||
| 100 | _aMoreno Sanz, Vicente | ||
| 245 | 0 |
_aBreve historia del ejército nazi : _b Ejércitos 11 |
|
| 264 |
_a[Madrid, España] : _bEdiciones Nowtilus, _c2022 |
||
| 300 | _a448 páginas | ||
| 490 | _aBreve historia | ||
| 650 | _aHistory (General) | ||
| 856 | _uhttps://public.digitaliapublishing.com/a/171972 | ||
| 942 | _cCF | ||
| 999 |
_c76355 _d76355 |
||